Vlastné náklady, kalkulácie a ceny v priemysle : praktikum /
Uložené v:
| Hlavní autori: | , |
|---|---|
| Médium: | Kniha |
| Jazyk: | Slovak |
| Vydané: |
Bratislava :
Vysoká škola ekonomická,
1981.
|
| Vydanie: | 1. vyd. |
| ISBN: |
(brož.) |
| Fyzický popis: |
139 s. |
| Tagy: |
Pridať tag
Žiadne tagy, Buďte prvý kto otaguje tento záznam!
|
Titul je dostupný aj v ... 

MARC
| LEADER | 00000nam a2200000 a 4500 | ||
|---|---|---|---|
| 001 | 000171883 | ||
| 005 | 20091218201851.0 | ||
| 008 | 040101s1981 xo e sloo | ||
| 020 | |a (brož.) | ||
| 040 | |a SVKKK |b slo |c SVKKK |e AACR2 | ||
| 041 | 0 | |a slo | |
| 044 | |a xo |c SK | ||
| 100 | 1 | |a Kupkovič, Milan, |d 1935- |4 aut | |
| 245 | 1 | 0 | |a Vlastné náklady, kalkulácie a ceny v priemysle : |b praktikum / |c Milan Kupkovič, Milan Rajňák. |
| 250 | |a 1. vyd. | ||
| 260 | |a Bratislava : |b Vysoká škola ekonomická, |c 1981. | ||
| 300 | |a 139 s. | ||
| 500 | |a Skriptá: Vysoká škola ekonomická v Bratislave - Fakulta ekonomiky a riadenia výrobných odvetví | ||
| 700 | 1 | |a Rajňák, Milan, |d 1938- |4 aut | |
| 910 | |a svkkk | ||
| 998 | |a BK | ||
| 090 | |g SCKHL |k Sklad Pribinova 2. posch. |a II.274699 |j 656775 |i 2720074712 |s Absenčne | ||
| 090 | |g SCKHL |k Sklad Pribinova 2. posch. |a II.274700 |j 656776 |i 171883-20 |s Absenčne | ||